Bilecik Bilecik Bilecik Bilecik Bilecik
Normal view MARC view

Entry Konu Terimi

Number of records used in: 1

001 - KONTROL NUMARASI

  • Kontrol alanı: 15683

003 - KONTROL NUMARASI KİMLİĞİ

  • Kontrol alanı: TR-BiSEU

005 - SON İŞLEM TARİHİ VE ZAMANI

  • Kontrol alanı: 20260207001519.0

008 - SABİT UZUNLUKTAKİ VERİ ÖGELERİ - GENEL BİLGİ

  • Sabit uzunlukta kontrol alanı: 260207|| aca||aabn | a|a d

040 ## - KATALOGLAMA KAYNAĞI

  • Özgün kataloglama kurumu: TR-BiSEU
  • Çeviri kurumu: TR-BiSEU

150 ## - KONU BAŞLIKLARI - KONU TERİMİ

  • Konu terimi: Avrupa--Tarih--1918-1945

670 ## - BİLGİNİN KAYNAĞI

  • Bilginin alındığı kaynak: KOHA: (TR-BiSEU)6291: Sarıca, Murat. 14988, Birinci Dünya savaşından sonra Avrupa'da Barışı kurma ve sürdürme çabaları, (1919-1929)/